Album by Cover Art 2 - Statistics

General Stats
  • This quiz has been taken 17 times
  • The average score is 7 of 18
Answer Stats
Picture Answer % Correct
Paranoid
76%
A Night at the Opera
65%
Let's Dance
65%
Heroes
59%
Born to Run
53%
Combat Rock
53%
Houses of the Holy
53%
The Cars
41%
Physical Graffiti
35%
Strange Days
29%
Open up and Say... Ahh
24%
Rebel Yell
24%
Dire Straits
18%
Making Movies
18%
Wish
18%
Cross Road
12%
Faith
12%
Heartbeat City
6%
No matching quizzes found
Score Distribution
Percent of People with Each Score
Percentile by Number Answered
Your Score History
You have not taken this quiz